[Event "Ville d'Orsay online Blitz"]
[Site "Europe Echecs INT"]
[Date "2021.02.07"]
[Round "11"]
[White "Boutros, Milan"]
[Black "El Barbry, Sarah"]
[Result "1-0"]
[WhiteElo "1430"]
[BlackElo "1784"]
[PlyCount "87"]
[EventDate "2021.02.07"]
[EventType "swiss (blitz)"]
[EventRounds "11"]
[EventCountry "FRA"]
[SourceTitle "CBM 200 Extra"]
[Source "ChessBase"]
[SourceDate "2021.03.31"]
[SourceVersion "1"]
[SourceVersionDate "2021.03.31"]
[SourceQuality "1"]

1. e4 e6 2. d4 d5 3. Nc3 Bb4 4. e5 c5 5. a3 Bxc3+ 6. bxc3 Qc7 7. Bd2 Nc6 8. Qg4 Nge7 9. f4 cxd4 10. Bb5 dxc3 11. Bxc3 Bd7 12. Ne2 Nf5 13. Bxc6 Bxc6 14. Nd4 h5 15. Qd1 Ne3 16. Qe2 Nc4 17. 0-0 a6 18. Nxc6 Qxc6 19. f5 0-0-0 20. fxe6 fxe6 21. Rf7 Nxa3 22. Rxa3 Qc5+ 23. Qf2 Qxa3 24. Qb6 Qc1+ 25. Rf1 Qxc2 26. Bb4 Qc6 27. Qa7 Kd7 28. Rf7+ Ke8 29. Re7+ Kf8 30. Rxe6+ Kg8 31. Rxc6 bxc6 32. Qc7 Kh7 33. Qxc6 Rc8 34. Qe6 Rc1+ 35. Kf2 Rhc8 36. Qf5+ Kh8 37. Qxh5+ Kg8 38. e6 R8c2+ 39. Kg3 Rc8 40. Qf7+ Kh8 41. e7 Re1 42. Qf8+ Rxf8 43. exf8Q+ Kh7 44. Bxe1 1-0

[Event "Ville d'Orsay online Blitz"]
[Site "Europe Echecs INT"]
[Date "2021.02.07"]
[Round "9"]
[White "Gourarier, Emmanuel"]
[Black "El Barbry, Sarah"]
[Result "0-1"]
[WhiteElo "1463"]
[BlackElo "1784"]
[PlyCount "44"]
[EventDate "2021.02.07"]
[EventType "swiss (blitz)"]
[EventRounds "11"]
[EventCountry "FRA"]
[SourceTitle "CBM 200 Extra"]
[Source "ChessBase"]
[SourceDate "2021.03.31"]
[SourceVersion "1"]
[SourceVersionDate "2021.03.31"]
[SourceQuality "1"]

1. e4 e6 2. Nf3 d5 3. exd5 exd5 4. Bb5+ c6 5. Ba4 Bd6 6. 0-0 Ne7 7. Re1 0-0 8. h3 Be6 9. d4 Bc7 10. Bg5 Qd6 11. Bh4 Nf5 12. g3 Nxh4 13. Nxh4 Bxh3 14. Qh5 c5 15. Nf3 Be6 16. Ng5 h6 17. Nxe6 fxe6 18. Qg6 Rf6 19. dxc5 Qxc5 20. Rxe6 Qxf2+ 21. Kh1 Qf1+ 22. Kh2 Rf2# 0-1

[Event "Ville d'Orsay online Blitz"]
[Site "Europe Echecs INT"]
[Date "2021.02.07"]
[Round "5"]
[White "Travadon, Loic"]
[Black "El Barbry, Sarah"]
[Result "1-0"]
[WhiteElo "2413"]
[BlackElo "1784"]
[PlyCount "45"]
[EventDate "2021.02.07"]
[EventType "swiss (blitz)"]
[EventRounds "11"]
[EventCountry "FRA"]
[SourceTitle "CBM 200 Extra"]
[Source "ChessBase"]
[SourceDate "2021.03.31"]
[SourceVersion "1"]
[SourceVersionDate "2021.03.31"]
[SourceQuality "1"]

1. e4 e6 2. d3 d5 3. Nd2 c5 4. g3 Nc6 5. Ngf3 Nf6 6. Bg2 Be7 7. 0-0 0-0 8. Re1 Qb6 9. e5 Nd7 10. Nf1 h6 11. h4 Bd8 12. N1h2 Bc7 13. Ng4 h5 14. Ngh2 Ndxe5 15. Nxe5 Bxe5 16. Qxh5 c4 17. Ng4 Bxg3 18. Be3 d4 19. Nh6+ gxh6 20. Bxh6 Bxf2+ 21. Kxf2 Ne7 22. Qg5+ Ng6 23. Qf6 1-0

[Event "FRA-ch Blitz Online Qual"]
[Site "Europe Echecs INT"]
[Date "2020.05.16"]
[Round "9"]
[White "Afraoui, Solenn"]
[Black "El Barbry, Sarah"]
[Result "1-0"]
[WhiteElo "1889"]
[BlackElo "1779"]
[PlyCount "55"]
[EventDate "2020.05.16"]
[EventType "swiss (blitz)"]
[EventRounds "15"]
[EventCountry "FRA"]
[SourceTitle "CBM 196 Extra"]
[Source "ChessBase"]
[SourceDate "2020.07.31"]
[SourceVersion "1"]
[SourceVersionDate "2020.07.31"]
[SourceQuality "1"]

1. e4 e6 2. d4 d5 3. Nc3 Bb4 4. e5 c5 5. Bd2 cxd4 6. Nb5 Bf8 7. Nf3 Nc6 8. Nbxd4 Bd7 9. c3 Nge7 10. Bd3 Ng6 11. Qe2 Qc7 12. Nxc6 bxc6 13. 0-0 Be7 14. Rfe1 0-0 15. h4 Nxh4 16. Nxh4 Bxh4 17. Qh5 Bxf2+ 18. Kxf2 h6 19. Rab1 f5 20. Kg1 Be8 21. Qh3 Kh8 22. Qg3 Rb8 23. Be3 c5 24. Qh4 a5 25. Rf1 c4 26. Be2 Qxe5 27. Bd4 Qxe2 28. Qxh6+ 1-0

[Event "FRA-ch Blitz Online Qual"]
[Site "Europe Echecs INT"]
[Date "2020.05.16"]
[Round "12"]
[White "El Barbry, Sarah"]
[Black "Bakouri, Abdelmajid"]
[Result "0-1"]
[WhiteElo "1779"]
[BlackElo "1871"]
[PlyCount "92"]
[EventDate "2020.05.16"]
[EventType "swiss (blitz)"]
[EventRounds "15"]
[EventCountry "FRA"]
[SourceTitle "CBM 196 Extra"]
[Source "ChessBase"]
[SourceDate "2020.07.31"]
[SourceVersion "1"]
[SourceVersionDate "2020.07.31"]
[SourceQuality "1"]

1. e4 g6 2. d4 Bg7 3. Nf3 d6 4. c3 Nf6 5. Bd3 0-0 6. 0-0 Nc6 7. Bg5 h6 8. Bd2 e5 9. Na3 Bg4 10. d5 Ne7 11. Nc2 Nh5 12. h3 Bd7 13. Qc1 Kh7 14. g4 Nf6 15. g5 Nfg8 16. gxh6 Bxh6 17. Bxh6 Nxh6 18. Ng5+ Kg7 19. Kh2 f5 20. exf5 Nexf5 21. Rg1 Nh4 22. Be4 Rf4 23. f3 Qf6 24. Qe1 Rf8 25. Qxh4 Rxh4 26. Ne6+ Bxe6 27. Rxg6+ Qxg6 28. Bxg6 Bxd5 29. Rg1 Kh8 30. Ne3 Bxf3 31. Rf1 Rhf4 32. Kg1 Kg7 33. Bc2 c6 34. Kh2 Be2 35. Rg1+ Kh8 36. Rg6 R8f6 37. Rg2 Rf2 38. Kg3 Rxg2+ 39. Nxg2 Rf3+ 40. Kh2 Nf5 41. Kg1 Ng3 42. Kh2 Nf1+ 43. Kg1 Ba6 44. Be4 Rf6 45. h4 Ng3 46. Kh2 Nxe4 0-1

[Event "FRA-ch Blitz Online Qual"]
[Site "Europe Echecs INT"]
[Date "2020.05.16"]
[Round "10"]
[White "El Barbry, Sarah"]
[Black "Perez Marco, Ricardo"]
[Result "1-0"]
[WhiteElo "1779"]
[BlackElo "2064"]
[PlyCount "97"]
[EventDate "2020.05.16"]
[EventType "swiss (blitz)"]
[EventRounds "15"]
[EventCountry "FRA"]
[SourceTitle "CBM 196 Extra"]
[Source "ChessBase"]
[SourceDate "2020.07.31"]
[SourceVersion "1"]
[SourceVersionDate "2020.07.31"]
[SourceQuality "1"]

1. e4 c5 2. Nc3 e6 3. Bc4 a6 4. a4 Nc6 5. d3 g6 6. f4 Bg7 7. Nf3 Nge7 8. 0-0 d5 9. Bb3 0-0 10. Qe1 Rb8 11. Qh4 c4 12. dxc4 dxe4 13. Ng5 h6 14. Ngxe4 Nf5 15. Qxd8 Rxd8 16. Kh1 Ncd4 17. c5 Nxb3 18. cxb3 Nd4 19. b4 Nc2 20. Rb1 Nxb4 21. Nd6 Bd7 22. Nce4 Bxa4 23. b3 Bb5 24. Rf3 Bd3 25. Ba3 Bxb1 26. Bxb4 Bxe4 27. Re3 Bd5 28. h4 h5 29. Ba5 Rd7 30. Bb6 Bd4 31. Rd3 Bf2 32. Ba7 Ra8 33. c6 Rxa7 34. cxd7 Bb6 35. Nc8 Bd8 36. Nxa7 Bxh4 37. Rc3 Kg7 38. Rc8 Bxb3 39. d8Q Bxd8 40. Rxd8 a5 41. Nb5 a4 42. Na3 Bd5 43. Rc8 Kf6 44. Rc5 Kf5 45. Ra5 Kxf4 46. Rxa4+ Kg3 47. Rb4 Bxg2+ 48. Kg1 Bd5 49. Nc2 1-0

[Event "Murmansk Basamro U16 4th"]
[Site "Murmansk"]
[Date "2016.10.07"]
[Round "2.3"]
[White "Bubnov, Kirill"]
[Black "El Barbry, Sarah"]
[Result "1-0"]
[WhiteElo "2041"]
[BlackElo "1791"]
[PlyCount "67"]
[EventDate "2016.10.06"]
[EventType "team-tourn"]
[EventRounds "5"]
[EventCountry "RUS"]
[SourceTitle "EXT 2017"]
[Source "ChessBase"]
[SourceDate "2016.10.25"]
[SourceVersion "1"]
[SourceVersionDate "2016.10.25"]
[SourceQuality "1"]
[WhiteTeam "Leningrad Region"]
[BlackTeam "Paris"]
[WhiteTeamCountry "RUS"]
[BlackTeamCountry "FRA"]

1. d4 Nf6 2. c4 e6 3. Nf3 Bb4+ 4. Bd2 Bxd2+ 5. Nbxd2 0-0 6. e4 d5 7. Bd3 dxc4 8. Nxc4 Nc6 9. e5 Ne8 10. 0-0 b6 11. a3 g6 12. Be4 Bb7 13. Qc2 Rb8 14. Rfd1 Ne7 15. Bxb7 Rxb7 16. Qd2 Ng7 17. Ne3 Ngf5 18. Ng4 Nd5 19. Rac1 Qe7 20. b4 a5 21. bxa5 Qxa3 22. axb6 cxb6 23. Nf6+ Nxf6 24. exf6 Rd8 25. Ne5 Qf8 26. Nc6 Rdd7 27. Rc3 Rbc7 28. Rdc1 Rb7 29. Qf4 Nd6 30. Ne7+ Kh8 31. Rc6 Ne8 32. Rc8 b5 33. Rxe8 Qxe8 34. Qh6 1-0

[Event "FRA-ch U16 Girls"]
[Site "Gonfreville"]
[Date "2016.??.??"]
[Round "8"]
[White "Broly, Mathilde"]
[Black "El Barbry, Sarah"]
[Result "1-0"]
[WhiteElo "2014"]
[BlackElo "1808"]
[PlyCount "59"]
[EventDate "2016.04.22"]
[EventType "swiss"]
[EventRounds "9"]
[EventCountry "FRA"]
[SourceTitle "EXT 2019"]
[Source "ChessBase"]
[SourceDate "2018.10.10"]
[SourceVersion "1"]
[SourceVersionDate "2018.10.10"]
[SourceQuality "1"]

1. e4 e6 2. Nf3 d5 3. e5 c5 4. b4 Nc6 5. b5 Nce7 6. a4 a6 7. Bb2 Ng6 8. h4 Be7 9. h5 Nf8 10. d4 axb5 11. axb5 Rxa1 12. Bxa1 c4 13. Bc3 Bd7 14. Bd2 Bxb5 15. Nc3 Bc6 16. Qb1 Nd7 17. g3 Qb6 18. Qa1 Qa6 19. Qb1 Bd8 20. Na2 Ne7 21. Bh3 0-0 22. c3 Ba5 23. Ng5 g6 24. hxg6 hxg6 25. Nxe6 Ra8 26. Ke2 Qb5 27. Qg1 Qb2 28. Qh2 Qxa2 29. Bf5 Qxd2+ 30. Kxd2 1-0

[Event "FRA-ch U16 Girls"]
[Site "Gonfreville"]
[Date "2016.??.??"]
[Round "4"]
[White "El Barbry, Sarah"]
[Black "Rollot, Florence"]
[Result "0-1"]
[WhiteElo "1808"]
[BlackElo "1903"]
[PlyCount "106"]
[EventDate "2016.04.22"]
[EventType "swiss"]
[EventRounds "9"]
[EventCountry "FRA"]
[SourceTitle "EXT 2019"]
[Source "ChessBase"]
[SourceDate "2018.10.10"]
[SourceVersion "1"]
[SourceVersionDate "2018.10.10"]
[SourceQuality "1"]

1. e4 d5 2. exd5 Qxd5 3. Nc3 Qa5 4. d4 Nf6 5. Bc4 Bf5 6. Nf3 e6 7. Bd2 Bb4 8. a3 Bxc3 9. Bxc3 Qb6 10. d5 Nbd7 11. 0-0 0-0 12. dxe6 Bxe6 13. Bxe6 fxe6 14. Qd4 Qxd4 15. Bxd4 c5 16. Be5 Ne4 17. Bg3 Ndf6 18. Rfe1 Rad8 19. Rad1 c4 20. Nd4 Rfe8 21. f3 Nxg3 22. hxg3 a6 23. Kf2 Rd6 24. c3 Kf7 25. Nc2 Rb6 26. Rb1 Rd8 27. Re2 Nd7 28. Nd4 Nc5 29. f4 Na4 30. Rbe1 Nxb2 31. Kf3 Nd3 32. Rh1 h6 33. Rh5 Re8 34. g4 Rb1 35. Ke4 Rf1 36. Nf3 b5 37. Ne5+ Nxe5 38. Rxe5 g6 39. Kd4 Rxf4+ 40. R5e4 Rf1 41. Kc5 Ra1 42. Kb4 g5 43. Rf2+ Ke7 44. Re3 Kd6 45. Rf6 Ra2 46. g3 Rb2+ 47. Ka5 Rb3 48. Kxa6 Kc7 49. Rf7+ Kc6 50. a4 bxa4 51. Ka7 Rb5 52. Ka6 Ra8+ 53. Ra7 Rb6+ 0-1

[Event "Rotterdam Basamro 3rd"]
[Site "Rotterdam"]
[Date "2015.10.25"]
[Round "3.14"]
[White "Howell, Oliver W"]
[Black "El Barbry, Sarah"]
[Result "0-1"]
[WhiteElo "1507"]
[BlackElo "1763"]
[PlyCount "84"]
[EventDate "2015.10.24"]
[EventType "team-tourn"]
[EventRounds "3"]
[EventCountry "NED"]
[SourceTitle "EXT 2018"]
[Source "ChessBase"]
[SourceDate "2017.10.13"]
[SourceVersion "1"]
[SourceVersionDate "2017.10.13"]
[SourceQuality "1"]
[WhiteTeam "England U18"]
[BlackTeam "Paris"]
[WhiteTeamCountry "ENG"]
[BlackTeamCountry "FRA"]

1. e4 e6 2. d4 d5 3. Nc3 Bb4 4. e5 c5 5. a3 Bxc3+ 6. bxc3 Qc7 7. Qg4 Ne7 8. Qxg7 Rg8 9. Qxh7 cxd4 10. Ne2 dxc3 11. f4 Nbc6 12. Qd3 d4 13. Nxd4 Nxd4 14. Qxd4 Bd7 15. Rg1 Nf5 16. Qf2 Qc6 17. g4 Qe4+ 18. Qe2 Qd4 19. Qf2 Qe4+ 20. Qe2 Qxe2+ 21. Bxe2 Ba4 22. Bd3 Nd4 23. Rg2 Rh8 24. Be3 Bc6 25. Rf2 Nf3+ 26. Ke2 Nxh2 27. Rg1 Rh4 28. a4 Nxg4 29. Bb5 Bxb5+ 30. axb5 0-0-0 31. Rfg2 Nxe3 32. Kxe3 Rh3+ 33. Ke4 Rd2 34. Rxd2 cxd2 35. Rd1 Rh2 36. Ke3 Kc7 37. Rxd2 Rxd2 38. Kxd2 Kb6 39. c4 Kc5 40. Kc3 a6 41. bxa6 bxa6 42. Kb3 a5 0-1

[Event "FRA-ch U14 Girls"]
[Site "Pau"]
[Date "2015.04.30"]
[Round "6"]
[White "El Barbry, Sarah"]
[Black "Rollot, Florence"]
[Result "0-1"]
[WhiteElo "1810"]
[BlackElo "1731"]
[PlyCount "96"]
[EventDate "2015.04.26"]
[EventType "swiss"]
[EventRounds "9"]
[EventCountry "FRA"]
[SourceTitle "CBM 166 Extra"]
[Source "ChessBase"]
[SourceDate "2015.06.18"]
[SourceVersion "1"]
[SourceVersionDate "2015.06.18"]
[SourceQuality "1"]

1. e4 d5 2. exd5 Qxd5 3. Nc3 Qa5 4. d4 Nf6 5. Nf3 Bf5 6. Bc4 e6 7. Bd2 Bb4 8. a3 Bxc3 9. Bxc3 Qb6 10. d5 Nbd7 11. Nd4 0-0-0 12. Nxf5 exf5 13. 0-0 Rhe8 14. Ba2 Ne5 15. Qd4 Nxd5 16. Qxb6 axb6 17. Bxd5 Rxd5 18. Rae1 f4 19. Re4 g5 20. Rfe1 f6 21. Kf1 Kd7 22. f3 Ke6 23. g3 Kf5 24. g4+ Ke6 25. Kg2 Red8 26. h3 Rd1 27. R1e2 R8d5 28. Kf2 Kd6 29. Kg2 b5 30. Kf2 c5 31. Kg2 Nc4 32. Bxf6 Ne3+ 33. Kh2 Rf1 34. Bxg5 Rxg5 35. Rxf4 Nd5 36. Rf7 h5 37. h4 Rg6 38. Rf5 hxg4 39. Rd2 gxf3 40. Rfxd5+ Kc6 41. Rf5 Rg4 42. Rg5 Rxh4+ 43. Kg3 Rhh1 44. Rf5 Rhg1+ 45. Kf4 Rg2 46. Rd3 Rxc2 47. b4 f2 48. Kg3 Rg1+ 0-1

[Event "FRA-ch U12 Girls"]
[Site "Saint Paul Trois Chateaux"]
[Date "2013.04.30"]
[Round "3"]
[White "El Barbry, Sarah"]
[Black "Toure, Shanti"]
[Result "1-0"]
[WhiteElo "1431"]
[BlackElo "1561"]
[PlyCount "83"]
[EventDate "2013.04.28"]
[EventType "swiss"]
[EventRounds "9"]
[EventCountry "FRA"]
[SourceTitle "CBM 154 Extra"]
[Source "ChessBase"]
[SourceDate "2013.06.25"]
[SourceVersion "2"]
[SourceVersionDate "2013.06.25"]
[SourceQuality "1"]

1. e4 e5 2. Nf3 Nc6 3. d4 exd4 4. Bc4 Nf6 5. 0-0 Nxe4 6. Re1 d5 7. Bxd5 Qxd5 8. Nc3 Qa5 9. Nxe4 Be6 10. Bd2 Qf5 11. Bg5 h6 12. Bh4 g5 13. Bg3 0-0-0 14. Qd3 Nb4 15. Qe2 Be7 16. Be5 Rhg8 17. Ng3 Qg6 18. Nxd4 Bc5 19. Nxe6 fxe6 20. Qc4 Rd5 21. Ne4 Nxc2 22. Nxc5 c6 23. Rac1 Nxe1 24. Rxe1 Qf5 25. Bd4 Re8 26. Qb4 Qf7 27. Nb3 Rb5 28. Qc4 a5 29. Rc1 Qd7 30. Qxb5 Re7 31. Qxa5 Qc7 32. Qa8+ Kd7 33. Rd1 Qd6 34. Nc5+ Kc7 35. Qxb7+ Kd8 36. Qb3 Ke8 37. Be3 Qe5 38. Qd3 Qxb2 39. Qg6+ Rf7 40. Nxe6 Ke7 41. Bc5+ Ke8 42. Rd8# 1-0